00788cam a22002415a 45000050016000000080041000160100014000570200026000710350013000970350017001100370015001270370022001420400018001640820012001822450056001942600032002502700067002823000036003495000050003856500042004356500051004777000018005282009062207487.0090324s2009 ii a b 001 0 eng  aENG-94183 a9780415492867c595.00 aEN-77716 aB-361868-873 bDBAD / PUB bUppal Book Store  adplbEnglish  a302.231 aThe digitized imagination /cedited by Nalini Rajan aNew Delhi bRoutledgec2009 a912-915 Tolstory House, 15-17 Tolstoy MargbNew Delhi e110001 avi, 175 p. :bill. ;c23cm(Hb)  aIncludes bibliographical references and index aDigital mediaxSocial aspectszIndia. aInformation technologyxSocial aspectszIndia. aRajan, Nalini